| 000 | 005223111a2200181 4500 | ||
|---|---|---|---|
| 005 | 20140412111247.0 | ||
| 008 | 140211s1998 xx 000 0 und d | ||
| 020 | _a0-307-30263-6 | ||
| 050 |
_aER _bPo75gr 1998 |
||
| 100 | 1 | _aPackard, Mary | |
| 245 | 1 | 0 |
_aPooh: the grand and wonderful day / _cby Mary Packard; illustrated by Darrel Baker. |
| 260 |
_aNew York : _bGolden Book, _c1998. |
||
| 300 | _a1 v. (unp.) ; ill. | ||
| 440 | 0 | _aPooh | |
| 650 | 4 | _aChildren's stories | |
| 650 | 4 | _aPooh's-Stories | |
| 999 |
_c102972 _d102972 |
||